Constitucionalismo e Dilemas da Justiȧ

Detalles Bibliográficos
Autor principal: Cattoni de Oliveira, Marcelo A.
Otros Autores: Gomes, David
Formato: eBook
Lenguaje:portugués
Publicado: Belo Horizonte: Initia Via Editora, 2014
Materias:
Acceso en línea:Acceso restringido

MARC

LEADER 00000nam a22000007a 4500
005 2021010401211.0
007 cr|||| ||||
008 210104s2014 br |||||s|||| 00||0 por d
020 |a 978-85-64912-49-6 
035 |a 32529 
040 |a vLex 
090 |c 11045  |d 11045 
100 1 |a Cattoni de Oliveira, Marcelo A. 
245 1 0 |a Constitucionalismo e Dilemas da Justiȧ  |h [Recurso electrn̤ico] /  |c Marcelo A. Cattoni de Oliveira, David Gomes 
256 |a Servicio en ln̕ea 
260 |a Belo Horizonte:  |b Initia Via Editora,  |c 2014 
300 |a 1 recurso electrn̤ico 
500 |a A justiȧ, como afirmava Jacques Derrida, ̌sempre uma aporia, ou seja, a experin̊cia daquilo que nô pode ser experimentado. A experin̊cia do impossv̕el. A justiȧ enquanto algo que nunca ̌no presente, mas resiste sempre enquanto possibilidade de ser, no futuro. J ̀o termo constitucionalismo envolve sempre a adesô a determinados princp̕ios constitucionais – notadamente a ideia de governo limitado, adesô ao Estado de Direito e a proteȯ̂ de direitos considerados fundamentais – e, como alerta Jeremy Waldron, o uso indiscriminado do termo pode faz-̊lo cair no vazio. Esta obra oferece ao leitor excelentes raze̳s para crer no constitucionalismo, na justiȧ e nas disputas que tais categorias se aventuram e nos fazem aventurar. Da ̕ser uma obra cuja leitura ̌imprescindv̕el para os estudiosos e profissionais do direito e da polt̕ica, sobretudo pela organizaȯ̂ cuidadosa dos professores Marcelo Cattoni e David Gomes com os sentidos abertos, porm̌ absolutamente comprometidos, de cada escrita, com o prp̤rio constitucionalismo e a justiȧ 
506 1 |a Disponible solo en los productos indicados  |d vLex Global  |d vLex Global (Academic Edition, excluding Law Schools)  |d vLex Global (U.S. Academic Edition, Law Schools)  |d vLex Global (U.S. Academic Edition, excluding Law Schools)  |d vLex Global (Academic Edition, Law Schools) 
650 0 4 |a Derecho Constitucional  |z Brasil 
700 1 |a Gomes, David 
740 0 |a vLex Libros (Servicio en ln̕ea) 
856 4 0 |u http://vlex.com/source/constitucionalismo-e-dilemas-da-justi-a-32529  |z Acceso restringido 
942 |c BOOK 
999 0 |a Constitutional right